Analyse marketing et reporting avec excel

Gespeichert in:
Bibliographische Detailangaben
1. Verfasser: Taylor, Ivana
Weitere Verfasser: Jelen, Bill
Format: Buch
Sprache:Französisch
Veröffentlicht: Paris EYROLLES 2008
Schlagworte:
Tags: Tag hinzufügen
Keine Tags, Fügen Sie das erste Tag hinzu!

MARC

LEADER 00000nam a2200000 4500
001 0146909
005 20231215114820.7
020 |a 978-2-212-12251-0 
041 0 |a fre 
044 |a FR 
245 1 0 |a Analyse marketing et reporting avec excel  |c Ivana Taylor, Bill Jelen 
264 1 |a Paris  |b EYROLLES  |c 2008 
300 |a xvi, 234 s. 
610 2 0 |a marketing 
610 2 0 |a marketing mix 
610 2 0 |a analýzy 
610 2 0 |a programy počítačové 
100 1 |a Taylor, Ivana 
700 1 |a Jelen, Bill